Color atlas of dental implant surgery / (Record no. 17239)
[ view plain ]
| 000 -LEADER | |
|---|---|
| fixed length control field | 00817nam a22002658a 4500 |
| 001 - CONTROL NUMBER | |
| control field | 015505648 |
| 003 - CONTROL NUMBER IDENTIFIER | |
| control field | OSt |
| 005 - DATE AND TIME OF LATEST TRANSACTION | |
| control field | 20150421123341.0 |
| 006 - FIXED-LENGTH DATA ELEMENTS--ADDITIONAL MATERIAL CHARACTERISTICS--GENERAL INFORMATION | |
| fixed length control field | m||||f ||z| 00| 0 |
| 008 - FIXED-LENGTH DATA ELEMENTS--GENERAL INFORMATION | |
| fixed length control field | 091210t2011 moua frb 001 0 eng d |
| 020 ## - INTERNATIONAL STANDARD BOOK NUMBER | |
| International Standard Book Number | 9781437708776 |
| 082 04 - DEWEY DECIMAL CLASSIFICATION NUMBER | |
| Classification number | 617.693 |
| Item number | BLO |
| Edition number | 22 |
| 100 1# - MAIN ENTRY--PERSONAL NAME | |
| Personal name | Block, Michael S. |
| 9 (RLIN) | 32418 |
| 245 10 - TITLE STATEMENT | |
| Title | Color atlas of dental implant surgery / |
| Statement of responsibility, etc | Michael S. Block. |
| 250 ## - EDITION STATEMENT | |
| Edition statement | 3rd ed. |
| 260 ## - PUBLICATION, DISTRIBUTION, ETC. (IMPRINT) | |
| Place of publication, distribution, etc | Missouri : |
| Name of publisher, distributor, etc | Saunders / Elsevier, |
| Date of publication, distribution, etc | c.2011. |
| 300 ## - PHYSICAL DESCRIPTION | |
| Extent | xiv, 464 : |
| Other physical details | ill. (col.) ; |
| Dimensions | 28 cm. + |
| Accompanying material | 1 DVD-ROM. |
| 500 ## - GENERAL NOTE | |
| General note | Index : p. 455-464. |
| 504 ## - BIBLIOGRAPHY, ETC. NOTE | |
| Bibliography, etc | Includes bibliographical references. |
| 650 #0 - SUBJECT ADDED ENTRY--TOPICAL TERM | |
| Topical term or geographic name as entry element | Dental implants |
| Form subdivision | Atlases |
| 9 (RLIN) | 32419 |
| Source of heading or term | BUEsh |
| 651 ## - SUBJECT ADDED ENTRY--GEOGRAPHIC NAME | |
| Source of heading or term | BUEsh |
| 653 ## - INDEX TERM--UNCONTROLLED | |
| Resource For college | |
| Arrived date list | February2013 |
| -- | April2015 |
| 655 ## - INDEX TERM--GENRE/FORM | |
| Form subdivision | |
| -- | 34232 |
| 942 ## - ADDED ENTRY ELEMENTS (KOHA) | |
| Source of classification or shelving scheme | Dewey Decimal Classification |
| Item type | |
| Call number prefix | 617.693 BLO |
| Withdrawn status | Item status | Source of classification or shelving scheme | Damaged status | Not for loan | Vendor | Home library | Current library | Shelving location | Date acquired | Source of acquisition | Cost, normal purchase price | Serial Enumeration / chronology | Total Checkouts | Total Renewals | Full call number | Barcode | Date last seen | Date last borrowed | Koha item type | Cost, replacement price |
|---|---|---|---|---|---|---|---|---|---|---|---|---|---|---|---|---|---|---|---|---|
| Dewey Decimal Classification | Alahram | Central Library | Central Library | First floor | 06/02/2013 | 1325.00 | 14152 | 8 | 54 | 617.693 BLO | 000027991 | 15/07/2025 | 27/10/2019 | Book - Borrowing | ||||||
| Dewey Decimal Classification | Alahram | Central Library | Central Library | First floor | 06/02/2013 | 2 | 1 | 617.693 BLO | 000027992 | 24/08/2022 | 26/10/2019 | CD | DVD - With book | ||||||||
| Dewey Decimal Classification | ايمك | Central Library | Central Library | First floor | 21/04/2015 | 2112.00 | 2448 | 1 | 25 | 617.693 BLO | 000038038 | 15/07/2025 | 27/11/2019 | Book - Borrowing | 2640.00 | |||||
| Dewey Decimal Classification | ايمك | Central Library | Central Library | First floor | 21/04/2015 | 2112.00 | 2448 | 617.693 BLO | 000038039 | 24/08/2022 | CD | DVD - With book | 2640.00 |